| 000 | 01149cam a22003134a 4500 | ||
|---|---|---|---|
| 001 | 3491 | ||
| 005 | 20251202143529.0 | ||
| 020 | _a9780545019675 | ||
| 040 |
_aDLC _cDLC _dIG# _dBAKER _dOCO _dGK8 _dTEF _dDLC _beng |
||
| 050 | 0 | 0 |
_aG370.P9 _b2006 |
| 082 | 0 | 0 | _a910.4 |
| 100 | 1 | _aFreedman, Russell | |
| 245 | 1 | 4 |
_aThe adventures of Marco Polo / _cby Russell Freedman ; With illustrations by Bagram Ibatoulline ; accompanied by archival, period artwork |
| 250 | _aFirst Scholastic printing , November 2007 | ||
| 260 |
_aNew York : _bScholastic , _c2006 |
||
| 300 |
_a63 pages : _bcolor illustrations, maps , _c24 cm . |
||
| 505 | _aZ | ||
| 520 | _aA look at the life of Marco Polo. | ||
| 521 |
_a1270
_bLexile |
||
| 521 |
_aZ
_bLexile |
||
| 650 | 0 |
_aExplorers _zItaly _vBiography _vPictorial works |
|
| 650 | 0 |
_aStorytelling _vPictorial works |
|
| 650 | 0 |
_aTravel, Medieval _vPictorial works |
|
| 650 | 1 |
_aExplorers _vBiography _vPictorial works |
|
| 650 | 1 |
_aStorytelling _vPictorial works. |
|
| 650 | 1 |
_aVoyages and travels, Medieval _vPictorial works. |
|
| 906 |
_a7 _bcbc _corignew _d1 _eecip _f20 _gy-gencatlg |
||
| 942 |
_2ddc _cBK _n0 |
||
| 999 |
_c3491 _d3491 |
||